| 000 | 00371nam a22001337a 4500 | ||
|---|---|---|---|
| 008 | 230602b xxu||||| |||| 00| 0 eng d | ||
| 020 | _a996646669X | ||
| 082 |
_a070.5 _bCHA |
||
| 100 |
_cHenry Chakava _d1996 |
||
| 245 |
_aPublishing in Africa: _bOne Man's Perspective |
||
| 260 |
_aUnited States _bBellagio Publishing Network _c1996 |
||
| 300 | _a182 pages | ||
| 942 |
_2ddc _cBK |
||
| 999 |
_c115 _d115 |
||